Business ethics

Αποθηκεύτηκε σε:
Λεπτομέρειες βιβλιογραφικής εγγραφής
Κύριος συγγραφέας: Shaw, William H. 1948-
Μορφή: Βιβλίο
Γλώσσα:English
Δημοσίευση: Belmont, CA : Thomson, c2005
Έκδοση:5th ed.
Θέματα:
Ετικέτες: Προσθήκη ετικέτας
Δεν υπάρχουν, Καταχωρήστε ετικέτα πρώτοι!

MARC

LEADER 00000nam a2200000 i 4500
001 1/33130
008 060804s2005 eng d
020 |a 0-534-61972-X 
035 |l 10084865 
040 |a GR-MY-UA  |b gre  |e aacr 
041 0 |a eng 
082 0 |a 174.4  |2 (22) 
100 1 |a Shaw, William H.  |d 1948- 
245 1 0 |a Business ethics /  |c William H. Shaw 
250 |a 5th ed. 
260 |a Belmont, CA :   |b Thomson,   |c c2005 
300 |a xii,420 σ.;  |c 24 εκ. 
504 |a Περιλαμβάνει βιβλιογραφία και ευρετήριο 
650 0 0 |a Business ethics. 
650 0 0 |a Industries  |x Social aspects. 
852 |a INST  |b CHIOS  |e 20060804  |h 174.4 SHA  |p 005200026333  |q 005200026333  |t BK  |y 0 
901 |a BIBL2-2006-2 
909 |a Χ  |b 128770 
920 |a ΑΝΑΜΟΡΦΩΣΗ  |b ΕΠΕΑΕΚ ΙΙ - ΤΔΕ  |y ΧΙΟΣ  |z 2006-06 
922 |a 2ΕΛΗ 
970 |a ΒΑΣΙΛΑΚΗ  |b ΝΙΚΗ  |z 2006/08/04